000 00559nam a22002057a 4500
003 OSt
005 20220107122749.0
008 130828b xxu||||| |||| 00| 0 eng d
020 _a9788132203001
040 _cIIITM-K
082 _a004 SIN/E
100 _aSingh, Arindama
_92265
245 _aElements of Computation Theory
_cby Arindama Singh
260 _aNew Delhi,
_bSpringer,
_c2011.
300 _axiii, 422p.
650 _aCOMPUTER SCIENCE
_92266
650 _aCOMPUTATIONAL COMPLEXITY
_92267
650 _aCOMPUTATION THEORY
_95570
942 _2ddc
_cBK
999 _c4294
_d4294